000 00310nam a2200121Ia 4500
008 190216s9999||||xx |||||||||||||| ||und||
100 _aAlexis Amtonong Joseph
245 0 _aMethodology For Research
260 _bTheological Publishing In India
_c1986
300 _a134p
650 _aReferences
942 _cREF
999 _c36170
_d36170